00858cam a2200241 a 4500001000500000005001700005020001800022040006200040050001900102082000800121100001900129245003600148260003700184300004700221505000800268520011000276521002000386521002000406650005100426650006500477650003000542650004400572379320250828111357.0 a9780545386630 aDLCcDLCdIG#dBTCTAdBAKERdXY4dJEDdVP@dEHHdDLCbeng00aE180.Y24b200800a9731 aYaccarino, Dan10aGo, Go America /cDan Yaccarino aNew York :bScholastic ; c2008  a71 pages : bcolor illustrations ;c28 cm. aX  aA collection of odd facts, including festivals, contests, and laws,about the states of the United States. a900 bLexile  aX bRaz-Plus  0aU.S. statesvMiscellaneavJuvenile literature. 0aCuriosities and wonderszUnited StatesvJuvenile literature. 1aU.S. statesvMiscellanea. 1aCuriosities and wonderszUnited States.